| 000 | 00632nam a2200229Ia 4500 | ||
|---|---|---|---|
| 003 | OSt | ||
| 005 | 20220928143751.0 | ||
| 006 | a|||||r|||| 00| 0 | ||
| 007 | ta | ||
| 008 | 220927b |||||||| |||| 00| 0 eng d | ||
| 024 | _a23139 | ||
| 037 | _cTextual | ||
| 040 |
_aSDCL _cSDCL _beng |
||
| 041 |
_2eng _aeng |
||
| 082 | _aX:8D.3'N9, N1 | ||
| 100 |
_aKendall Nigel _9506076 |
||
| 245 | 0 |
_aFinanzmeister _b Financial manager and business strategist |
|
| 260 | _c1991 | ||
| 700 |
_a Sheridan Thomas _9506077 |
||
| 942 |
_hX:8D.3'N9, N1 _cTEXL _2CC |
||
| 999 |
_c825085 _d825085 |
||